Využitie nových trendov marketingovej komunikácie v diskontnej predajni

V článku sú charakterizované základné pojmy ako marketingová komunikácia a nové trendy marketingovej komunikácie. Charakterizujeme kvalitu uplatňovania súčasných trendov v oblasti marketingovej komunikácie v podmienkach vybraného podniku a následný návrh odporúčaní na zvýšenie povedomia o novootvore...

Descrizione completa

Salvato in:
Dettagli Bibliografici
Autore principale: Weiss, Erik, 1979-
Altri autori: Weiss, Roland, 1984-, Zuzik, Jozef, 1985-
Natura: Capitolo di libro
Lingua:slovacco
Soggetti:
Tags: Aggiungi Tag
Nessun Tag, puoi essere il primo ad aggiungerne!!

MARC

LEADER 00000naa$a2200000$$$4500
001 0289908
005 20240502074439.6
041 0 |a slo 
044 |a SK 
245 1 0 |a Využitie nových trendov marketingovej komunikácie v diskontnej predajni  |c Erik Weiss, Roland Weiss, Jozef Zuzik 
520 |a V článku sú charakterizované základné pojmy ako marketingová komunikácia a nové trendy marketingovej komunikácie. Charakterizujeme kvalitu uplatňovania súčasných trendov v oblasti marketingovej komunikácie v podmienkach vybraného podniku a následný návrh odporúčaní na zvýšenie povedomia o novootvorenej prevádzke analyzovaného podniku prostredníctvom nových trendov marketingovej komunikácie. 
610 2 0 |a komunikácia marketingová 
610 2 0 |a konkurencieschopnosť 
610 2 0 |a predajne 
100 1 |a Weiss, Erik, 1979- 
700 1 |a Weiss, Roland, 1984- 
700 1 |a Zuzik, Jozef, 1985-